000 01747nam0a2200385 4500
001 RU\NLR\BIBL_A\022710754
005 20260212161251.0
010 _a978-5-4469-2348-9
_950
021 _aRU
_bКН-П-25-073590
_9КН-П-25-7126
035 _a(NLR Aleph) 022710754
090 _a13552871
_c13552871
100 _a20260128d2025 u y0rusy50 ca
101 0 _arus
102 _aRU
105 _aabchz|||000zy
181 0 _ai3
_baxxe
182 0 _an
200 1 _aДневник гидролога 29-й Советской антарктической экспедиции
_fА. А. Пискун
203 _aТекст
_bвизуальный
_cнепосредственный
210 _aСанкт-Петербург
_cНестор-История
_d2025
215 _a163 с.
_cил., цв. ил., портр., карты, факс.
_d24
300 _aНа 163-й с. авт.: Пискун А. А., канд. техн. наук
320 _aДр. произведения авт.: с. 145 (11 назв.)
333 _a12+
606 1 _aАнтарктические экспедиции советские
_jДневники
_2nlr_sh1
_2nlr_sh2
_3RU\NLR\AUTH\66710004
606 1 _aГидрологические исследования
_yАнтарктида
_2nlr_sh2
_3RU\NLR\AUTH\6601766417
686 1 _aД229(887)
686 1 _aД890(887)022
700 1 _aПискун
_bА. А.
_gАлександр Александрович
711 0 2 _aСоветская комплексная антарктическая экспедиция
_c1955-1992
_3RU\NLR\AUTH\8810102147
942 _cBOOK
980 _aNB